Welcome to the Holygrace Academy Library

Please use search bar below to get started

THE HARDY BOYS - TRAINING FOR TROUBLE (Record no. 7793)

MARC details
000 -LEADER
fixed length control field 00653nam a22001457a 4500
020 ## - INTERNATIONAL STANDARD BOOK NUMBER
ISBN 978-0-671-04758-0
082 ## - DEWEY DECIMAL CLASSIFICATION NUMBER
Classification number 823
Item number DIX/H
100 ## - MAIN ENTRY--AUTHOR NAME
Personal name DIXON, FRANKLIN W
245 ## - TITLE STATEMENT
Title THE HARDY BOYS - TRAINING FOR TROUBLE
260 ## - PUBLICATION, DISTRIBUTION, ETC. (IMPRINT)
Place of publication NEW YORK
Name of publisher ALADDIN PAPERBACKS
Year of publication 2000
300 ## - PHYSICAL DESCRIPTION
Number of Pages 147
520 ## - SUMMARY, ETC.
Summary, etc They can practice judo, fencing, archery, and biathlon, and meet aspiring athletes from all over. But good times turn to bad sportsmanship when Joe's girlfriend, Iola, gets a nasty electrical shock during a fencing workout. Then someone decides to use Frank for target practice on the archery range.
650 ## - SUBJECT ADDED ENTRY--TOPICAL TERM
Topical Term MYSTERY STORY
Geographic subdivision UNITED STATES
942 ## - ADDED ENTRY ELEMENTS (KOHA)
Koha item type Books
Holdings
Withdrawn status Lost status Collection code Home library Current library Shelving location Date acquired Source of acquisition Cost, normal purchase price Full call number Accession Number Koha item type
    Fiction Main Library Main Library NEW SHELF WITH NEW ENTRY 20/11/2023 purchase 250.00 823 DIX/H 13429 Books